One Piece QCM - Difficulté moyen - Statistiques

Statistiques générales
  • Ce quiz a été pris 1 317 fois
  • Le résultat moyen est 12 sur 15
Statistiques - réponses
Question Réponse % Correct
Quel est l'épéiste que Zoro cherche a surpasser ? Mihawk
98%
Quel est le nom du dernier membre ayant rejoins l'équipage au chapeau de paille ? Jinbe
97%
Qui est le père biologique de Ace ? Gol D. Roger
95%
Quel amiral de la marine a quitté son poste pour se reconvertir en pirate ? Aokiji (Kuzan)
94%
Quels sont les deux amiraux de la marine qui se sont opposés dans un duel pour la place d'Amiral en chef ? Aokiji (Kuzan) et Akainu
92%
Qui a obtenu le Mera Mera no mi (Fruit du feu) suite à la mort de Ace ? Sabo
92%
Quel protagoniste décédé est passé par l'équipage de Barbe Blanche et celui de Roger ? Oden
91%
Quel est le deuxième détenteur de fruit du démon aperçut dans One Piece ? Baggy le Clown
89%
Quel est le nom du premier antagoniste de One Piece ? Alvida
87%
Quel homme-poisson a voulu se racheter au près de Nami ? Octo
86%
Qui a tué Barbe Blanche ? L'Equipage de Barbe Noire
84%
Quel antagoniste s'est fait vaincre en un coup par Luffy à l'aube de l'arc Skypiea ? Bellamy
78%
Dans quel arc aperçoit t-on pour la première fois le Haki (Fluide) ? Arc Skypiea
59%
Quel est le camp qui a gagné la bataille de Marine Ford ? la Marine
42%
Combien Luffy possède t-il de Gear pour le moment ? 4
17%
Aucun quiz correspondant
Distribution des résultats
% des personnes avec chaque résultat
Percentile par nombre de réponses
Votre historique - résultats
Vous n’avez pas pris ce quiz